The implementation of equal rights for men and women
| Otros Autores: | |
|---|---|
| Tipo de documento: | Print Libro |
| Lenguaje: | Inglés |
| Publicado: |
Oñati
Oñati Internat. Inst. for the Sociology of Law
1991
|
| En: |
Oñati proceedings (7)
Año: 1991 |
| Disponibilidad en Tübingen: | Disponible en Tübingen. UB: KB 19 A 562 |
| Verificar disponibilidad: | HBZ Gateway |
| Servicio de pedido Subito: | Pedir ahora. |
| Palabras clave: |
MARC
| LEADER | 00000cam a2200000 c 4500 | ||
|---|---|---|---|
| 001 | 043328393 | ||
| 003 | DE-627 | ||
| 005 | 20251219214249.0 | ||
| 007 | tu | ||
| 008 | 930706s1991 sp ||||| 00| ||eng c | ||
| 020 | |a 8440491352 |9 84-404-9135-2 | ||
| 035 | |a (DE-627)043328393 | ||
| 035 | |a (DE-576)034081836 | ||
| 035 | |a (DE-599)GBV043328393 | ||
| 035 | |a (OCoLC)917463020 | ||
| 035 | |a (OCoLC)28220908 | ||
| 040 | |a DE-627 |b ger |c DE-627 |e rakwb | ||
| 041 | |a eng |k fre | ||
| 044 | |c XA-ES | ||
| 082 | 0 | |a 305.3 | |
| 245 | 0 | 4 | |a The implementation of equal rights for men and women |c a publication of the Oñati Internat. Inst. for the Sociology of Law. Ed. by Fanny Tabak |
| 264 | 1 | |a Oñati |b Oñati Internat. Inst. for the Sociology of Law |c 1991 | |
| 300 | |a 205 S. |b graph. Darst | ||
| 336 | |a Text |b txt |2 rdacontent | ||
| 337 | |a ohne Hilfsmittel zu benutzen |b n |2 rdamedia | ||
| 338 | |a Band |b nc |2 rdacarrier | ||
| 490 | 1 | |a Oñati proceedings |v 7 | |
| 500 | |a Beitr. teilw. engl., teilw. franz | ||
| 583 | 1 | |a Archivierung prüfen |c 20200919 |f DE-640 |z 1 |2 pdager | |
| 655 | 7 | |a Konferenzschrift |0 (DE-588)1071861417 |0 (DE-627)826484824 |0 (DE-576)433375485 |2 gnd-content | |
| 700 | 1 | |a Tabak, Fanny |e Hrsg. |0 (DE-588)130496332 |0 (DE-627)502361018 |0 (DE-576)167229052 |4 edt | |
| 810 | 2 | |a Oñati International Institute for the Sociology of Law |t Oñati proceedings |v 7 |9 7 |w (DE-627)528716468 |w (DE-576)020238762 |w (DE-600)2299681-3 |7 am | |
| 951 | |a BO | ||
| ELC | |b 1 | ||
| LOK | |0 000 xxxxxcx a22 zn 4500 | ||
| LOK | |0 001 3187376533 | ||
| LOK | |0 003 DE-627 | ||
| LOK | |0 004 043328393 | ||
| LOK | |0 005 20151008104458 | ||
| LOK | |0 008 930706||||||||||||||||ger||||||| | ||
| LOK | |0 040 |a DE-21 |c DE-627 |d DE-21 | ||
| LOK | |0 852 |a DE-21 | ||
| LOK | |0 852 1 |c KB 19 A 562 |9 00 | ||
| LOK | |0 935 |a krim | ||
| LOK | |0 939 |a 06-07-93 |b l01 | ||
| ORI | |a SA-MARC-krimdoka001.raw | ||
| SIG | |a UB: KB 19 A 562 | ||
